000
00333cam a2200145ua 4500
041
_a
eng
_h
082
_a
823.308
_b
THO/BE
100
_a
Thomas, Dylan .
245
_a
Beach of Falesa /
_c
Dylan.
_h
Textual Documents
260
_a
:
_b
Jondhan Cape ,
_c
1964.
300
_a
123 ; .
504
_a
942
_c
BK
999
_c
3437
_d
3437